000 00581nam a2200193Ia 4500
001 63896
008 190926n ii |||gr||||Z||||||465
020 _a978-93-5023-766-3
082 _a001.642
100 _aSolem, Jan Erik,
_eAuthor.
245 0 _aProgramming Computer Vision with Python
_cBy Jan Erik Solem
_hTextual Documents
250 _aist ed.
260 _aNew Delhi:
_bShroff Publishers & Distributors pvt. Ltd.,
_c2018.
300 _apg247:
_c23cm.
653 _aComputer Programming
653 _aComputer science
653 _aG- Computer science
942 _2ddc
_cBK
999 _c64996
_d64996